Research methodology: a step-by-step guide for beginners

Guardat en:
Dades bibliogràfiques
Autor principal: Kumar, Ranjit (Autor)
Format: Llibre
Idioma:anglès
Publicat: Los Angeles SAGE 2014
Edició:4a. ed
Matèries:
Etiquetes: Afegir etiqueta
Sense etiquetes, Sigues el primer a etiquetar aquest registre!

MARC

LEADER 00000cam a2200000 a 4500
001 UCC3503
003 CL-VaPUC
008 180527e20140000us |||||||||||||||||eng|d
020 |a 9781446269978 
082 0 4 |a 001.42  |b KUM  |2 21 
100 0 |a Kumar, Ranjit  |e author  |9 597522 
245 1 0 |a Research methodology: a step-by-step guide for beginners 
250 |a 4a. ed 
300 |a 399 p 
942 |c BK 
945 |d 20180527 18:33:00  |a dcastane 
260 |a Los Angeles  |b SAGE  |c 2014 
650 7 |a METODOLOGIA DE LAS CIENCIAS  |2 CL-VaPUC  |9 503592 
650 7 |a METODOLOGIA CIENTIFICA  |2 CL-VaPUC  |9 261770 
650 0 |a Investigación científica  |9 259857 
583 |a last modification  |c 20180527 18:33:00  |k Rodrigo Vera 
999 |c 371201  |d 371199 
952 |0 0  |1 0  |3 erb  |4 0  |6 001_420000000000000_KUM_2014  |7 0  |8 A  |9 488118  |a BIBING  |b BIBING  |i 5472121  |l 3  |o 001.42 KUM 2014  |p 5472121  |r 2024-01-25  |s 2023-03-20  |w 2019-11-24  |y BK  |z Catalogado en:20180527  |k CCI 
952 |0 0  |1 0  |3 erb  |4 0  |6 001_420000000000000_KUM_2014  |7 0  |8 A  |9 488119  |a BIBING  |b BIBING  |i 547213K  |l 4  |m 2  |o 001.42 KUM 2014  |p 547213K  |r 2024-04-05  |s 2024-04-05  |w 2019-11-24  |y BK  |z Catalogado en:20180527  |k CCI